000 01202nam a2200325 i 4500
001 000016211
003 DO-SdBNP
005 20260422102626.0
007 ta
008 100301s1998 dr 000 0 spa d
020 _a8489758107
040 _aDO-SdBNP
_bspa
_cBNPHU
_erda
041 _aspa
082 4 _a346.043
_bM492p
_222
100 _aMedrano Vasquez, Manuel W.,
_d1939-
_eautor
_4aut.
_936257
245 1 0 _aPrincipales acciones ante el tribunal de tierra :
_bformularios diversos y constitución de un condominio /
_cManuel W. Medrano Vasquez.
250 _asegunda edición corregida y aumentada
264 1 _aSanto Domingo :
_bEditora Centenario,
_c1998.
300 _a340 páginas ;
_c23 cm.
336 _atexto
_btxt
_2rdacontent
337 _asin mediación
_bn
_2rdamedia
338 _avolumen
_bnc
_2rdacarrier
500 _aIncluye datos biográficos del autor en la contracubierta
590 _aInventariado, 2018/VM
650 4 _aTenencia de tierra
_xLegislación
_zRepública Dominicana
_914598
650 4 _aRegistro de la propiedad
_zRepública Dominicana
_98463
650 4 _aCondominio
_xLegislación
_936227
910 _aValidado. Control de calidad MFF
942 _2ddc
_cLBS1
999 _c15749
_d15749